000
00284nam a22001337a 4500
008
171122b xxu||||| |||| 00| 0 eng d
020
_a
9780521381345
041
_a
eng
080
_a
94
100
_a
17
101
_a
HIS
245
_a
MAKING A NEW DEAL
_c
COHEN,L
942
_2
udc
_c
BK
999
_c
38302
_d
38302